000 00498nam a2200181Ia 4500
008 090124s9999 xx 000 0 und d
082 _b115257
100 _aशेळके शान्ता ज.
245 _a प्रेमिक
250 _a1
260 _c1956
300 _a125
600 _aशेळके शान्ता ज.
630 _a प्रेमिक
700 _aशेळके शान्ता ज.
730 _a प्रेमिक
942 _cBOOK
999 _c161348
_d161348